LEADER 01715oam 2200493M 450 001 9910716176803321 005 20200213070908.5 035 $a(CKB)5470000002518345 035 $a(OCoLC)1065598765 035 $a(OCoLC)995470000002518345 035 $a(EXLCZ)995470000002518345 100 $a20071213d1926 ua 0 101 0 $aeng 135 $aurcn||||||||| 181 $ctxt$2rdacontent 182 $cc$2rdamedia 183 $acr$2rdacarrier 200 10$aHeirs of Louis F. Meissner. January 30, 1926. -- Committed to the Committee of the Whole House and ordered to be printed 210 1$a[Washington, D.C.] :$c[U.S. Government Printing Office],$d1926. 215 $a1 online resource (16 pages) 225 1 $aHouse report / 69th Congress, 1st session. House ;$vno. 168 225 1 $a[United States congressional serial set ] ;$v[serial no. 8535] 300 $aBatch processed record: Metadata reviewed, not verified. Some fields updated by batch processes. 300 $aFDLP item number not assigned. 606 $aClaims 606 $aGovernment securities 606 $aLost articles 606 $aTheft 608 $aLegislative materials.$2lcgft 615 0$aClaims. 615 0$aGovernment securities. 615 0$aLost articles. 615 0$aTheft. 701 $aAppleby$b Stewart Hoffman$f1890-1964$pRepublican (NJ)$01386847 801 0$bWYU 801 1$bWYU 801 2$bOCLCO 801 2$bOCLCQ 801 2$bOCLCO 801 2$bOCLCQ 906 $aBOOK 912 $a9910716176803321 996 $aHeirs of Louis F. Meissner. January 30, 1926. -- Committed to the Committee of the Whole House and ordered to be printed$93439162 997 $aUNINA LEADER 02045oam 2200565zu 450 001 9910376411703321 005 20210807002121.0 035 $a(CKB)3170000000003310 035 $a(SSID)ssj0000722272 035 $a(PQKBManifestationID)12340818 035 $a(PQKBTitleCode)TC0000722272 035 $a(PQKBWorkID)10695169 035 $a(PQKB)10927712 035 $a(Association for Computing Machinery)10.1145/1277500 035 $a(EXLCZ)993170000000003310 100 $a20160829d2007 uy 101 0 $aeng 135 $aurnn|008mam|a 181 $ctxt 182 $cc 183 $acr 200 00$aSNC'07 : proceedings of the 2007 International Workshop on Symbolic-Numeric Computation, London (Ontario, Canada), July 25-27, 2007 210 31$a[Place of publication not identified]$cACM$d2007 215 $a1 online resource (218 p.;) 225 1 $aACM Conferences 300 $aBibliographic Level Mode of Issuance: Monograph 311 $a1-59593-744-7 410 0$aACM Conferences 517 3 $aSNC '07 606 $aComputable functions$xData processing$vCongresses 606 $aNumerical analysis$vCongresses 606 $aLogic, Symbolic and mathematical$vCongresses 606 $aMathematics$2HILCC 606 $aPhysical Sciences & Mathematics$2HILCC 606 $aMathematical Theory$2HILCC 615 0$aComputable functions$xData processing 615 0$aNumerical analysis 615 0$aLogic, Symbolic and mathematical 615 7$aMathematics 615 7$aPhysical Sciences & Mathematics 615 7$aMathematical Theory 700 $aWatt$b Stephen M$0943355 702 $aVerschelde$b Jan 702 $aWatt$b Stephen M 712 02$aAssociation for Computing Machinery Special Interest Group on Symbolic & Algebraic Manipulation, 801 0$bPQKB 906 $aBOOK 912 $a9910376411703321 996 $aSNC'07 : proceedings of the 2007 International Workshop on Symbolic-Numeric Computation, London (Ontario, Canada), July 25-27, 2007$92129088 997 $aUNINA